000 00461nam a2200181Ia 4500
001 1214
005 20260306140615.0
008 260306t2014||||xx |||||||||||||| ||spa||
041 _aESP
082 _a189.4
_bB98
100 _aBuzeta Undurraga, Sebastián
_eAUT
245 0 _aSabiduria, metafísica y rectitud moral en Tomas De Aquino
260 _c2014
300 _a193 páginas :
_c23 cm.
650 _aGEN
654 _aCHU
942 _cLIB
_dJUS
_fJUS
_2ddc
_n
999 _c1214
_d1214